=LDR 00000nam 2200000 4500 =001 NUTBA000000000002639 =005 20140624092152.0 =006 =007 =008 =020 ##$$a 978-602-8519-03-8 =035 ##$$a 0010-061400000000582 =040 ##$$a NBPDMAT =082 ##$$a 780.28 =090 ##$$a 780.28 $b Fag a =100 ##$$a Foggy Fauziah Ferdiana =245 ##$$a Alat musik dari bernagai negara di dunia / $c Foggy Fauziah Ferdiana ; editor, Leni Fitriani =250 ##$$a Cet.2 =260 ##$$a Jakarta : $b Ghina Walafafa, $c 2010 =300 ##$$a iv, 52 hlm. : $b ilus. ; $c 21 cm. =650 ##$$a Musik - Alat =700 ##$$a Leni Fitriani =850 ##$$a NBPDMAT =990 ##$$a 21402707